<?xml version="1.0" encoding="UTF-8"?>
<collection xmlns="http://www.loc.gov/MARC21/slim">
 <record>
  <leader>00558nam a22001695a 4500</leader>
  <controlfield tag="001">EUN.um008402</controlfield>
  <controlfield tag="003">AR-BaUNS</controlfield>
  <controlfield tag="005">20050623122853.0</controlfield>
  <controlfield tag="008">041125s1970####ag############000#0#spa#d</controlfield>
  <datafield tag="245" ind1="1" ind2="0">
   <subfield code="a">Anales /</subfield>
   <subfield code="c">Comisión de investigaciones científicas.</subfield>
  </datafield>
  <datafield tag="260" ind1=" " ind2=" ">
   <subfield code="a">La Plata :</subfield>
   <subfield code="b">Comisión de investigaciones científicas,</subfield>
   <subfield code="c">1970.</subfield>
  </datafield>
  <datafield tag="300" ind1=" " ind2=" ">
   <subfield code="a">v.</subfield>
  </datafield>
  <datafield tag="082" ind1="0" ind2="4">
   <subfield code="a">508</subfield>
  </datafield>
  <datafield tag="082" ind1="0" ind2="4">
   <subfield code="a">558.24</subfield>
  </datafield>
  <datafield tag="653" ind1=" " ind2=" ">
   <subfield code="a">Borrello, Angel V.</subfield>
  </datafield>
  <datafield tag="110" ind1="2" ind2=" ">
   <subfield code="a">Comisión de investigaciones científicas</subfield>
   <subfield code="c">Buenos Aires (provincia).</subfield>
  </datafield>
  <datafield tag="859" ind1=" " ind2=" ">
   <subfield code="a">Ar-BaUNS</subfield>
   <subfield code="b">BIB. CENTRAL - Sector C</subfield>
   <subfield code="h">508</subfield>
   <subfield code="i">B862</subfield>
   <subfield code="p">60514/971</subfield>
   <subfield code="v">2</subfield>
  </datafield>
 </record>
</collection>
